000 00591nam a2200205Ia 4500
003 OSt
005 20221007112352.0
006 a|||||r|||| 00| 0
007 ta
008 221006b |||||||| |||| 00| 0 eng d
024 _a26,938
037 _cBound Volume
040 _aLCO
_cLCO
_beng
041 _2eng
_aeng
245 0 _aALL INDIA REPORTER ALLAHABAD, ASSAM, AJMER, AND AND ANDHAR PRADESH
260 _aNagpur
_bAll india reporter ltd. India
_c1914
490 _v1077912, 1077913 87 -2000
942 _cCR
999 _c1196501
_d1196501